1646 1478 1330 1555 1421 1101 1388 1002 1012 1361 1983 1646 1915 1632 1802 1900 1581 1638 1296 1234 1062 1781 1185 1672 1529 1427 1800 1201 1960 1983 1320 1209 1259 1814 1039 1272 1382 1553 1837 1766 1258 1877 1265 1772 1911 1987 1636 1132 1042 1451 1994 1184 1777 1944 1963 1979 1902 1279 1934 1392 1805 1075 1574 1336 1154 1699 1511 1523 1620 1901 1176 1804 1735 1244 1133 1512 1014 1378 1795 1204 1502 1095 1786 1300 1086 1989 1080 1340 1876 1483 1221 1947 1582 1824 1039 1324 1932 1555 1039 BCNSPRNW ULIB Ver.6.0+V

เปลี่ยนเป็นภาษาไทย

Change to English
 แสดงรายละเอียดบรรณานุกรม
  กลับหน้าหลัก

Brief Record : Get Marc (ISO 2709) : E-mail record : QR code < ปิดหน้าต่าง
LEADER : 00000nam 2200000uu 4500
001    13399124489
003     ULIB
008    150804s2557||||th 000 0 tha d
020    ^a9786162754425
060 04 ^aWA292^bค127
100 0  ^aคณาทัต จันทร์ศิริ
245 10 ^aวินาทีชีวิต คู่มือปฐมพยาบาล =^bYour life in your hands /^cโดยคณาทัต จันทร์ศิริ
246 31 ^aYour life in your hands
260    ^aกรุงเทพฯ :^bPop Get Book,^c2557
300    ^a245 หน้า :^bภาพประกอบ ;^c21 ซม.
650  4 ^aปฐมพยาบาล
650  4 ^aผู้ป่วย
945    ^p220^l0^i23072
945    ^p220^l0^i23073
999    ^aทศพร เกษรทอง
รายการนี้ยังไม่มีแท็ก
คุณยังไม่ได้ล็อกอิน คุณสามารถมีกิจกรรมร่วมกับเว็บไซต์ได้ แต่ต้องล็อกอินก่อน ::
  ล็อกอิน

รายการสื่อสารสนเทศ

ลำดับที่ ประเภท เลขเรียก/บาร์โค้ด สถานที่ สถานะ
1. วิทยาศาสตร์การแพทย์ และสุขภาพ
วิทยาศาสตร์การแพทย์ และสุขภาพ
สถานะ=หนังสือเก่า
WA292 ค127 ฉ.1 
  Barcode: 23072
ห้องสมุดวิทยาเขตนครสวรรค์
►ส่วนจัดเก็บหนังสือเก่า นว.
บนชั้น
  ขอยืม
2. วิทยาศาสตร์การแพทย์ และสุขภาพ
วิทยาศาสตร์การแพทย์ และสุขภาพ
สถานะ=หนังสือเก่า
WA292 ค127 ฉ.2 
  Barcode: 23073
ห้องสมุดวิทยาเขตนครสวรรค์
►ส่วนจัดเก็บหนังสือเก่า นว.
บนชั้น
  ขอยืม

รายการใกล้เคียง
    ผู้แต่ง [คณาทัต จันทร์ศิริ]

    หัวเรื่อง [ปฐมพยาบาล]
    หัวเรื่อง [ผู้ป่วย]

BibComment


ยังไม่เคยถูกคอมเมนท์

คอมเมนท์ทรัพยากรรายการนี้
  คอมเมนท์: วินาทีชีวิต คู่ม..


 Copyright 2026. Bcnsprnw @Library